| 000 | 00599nam a2200205 u 4500 | ||
|---|---|---|---|
| 005 | 20240511063838.0 | ||
| 008 | 080610s2004 r 000 0 eng d | ||
| 020 | _a9580483116 | ||
| 035 | _aUPN01000156757 | ||
| 049 | _aI | ||
| 050 | 4 |
_aPZ76.3 _bW3.9 |
|
| 100 | 1 | _aWaechter, Philip | |
| 245 | 1 | 0 |
_aYo / _cPhilip Waechter ; tr. Natalia García Calvo. |
| 260 |
_aBogotá : _bNorma, _cc2004. |
||
| 300 |
_a[58] p. : _bprincipalmente il. col. |
||
| 534 |
_pTítulo original: _tIch |
||
| 650 | 4 |
_aOsos _vCuentos y leyendas _910810 |
|
| 650 | 4 |
_aOSOS - _vLITERATURA JUVENIL _98915 |
|
| 905 | _aInfantil | ||
| 999 |
_c128871 _d128871 |
||